<The> responsibility revolution

Saved in:
Bibliographic Details
Main Author: Hollender, Jeffrey
Other Authors: Breen, Bill
Format: Book
Language:English
Published: San Francisco Jossey-Bass A Wiley Imprint 2010
Subjects:
Tags: Add Tag
No Tags, Be the first to tag this record!

MARC

LEADER 00000nam$a2200000$$$4500
001 0117469
005 20230109114833.9
020 |a 978-0-470-55842-3 
041 0 |a eng 
044 |a US 
245 1 0 |a <The> responsibility revolution  |c Jeffrey Hollender, Bill Breen 
264 1 |a San Francisco  |b Jossey-Bass A Wiley Imprint  |c 2010 
300 |a 214 s. 
610 2 0 |a riadenie podnikové 
610 2 0 |a ciele podnikové 
610 2 0 |a zisk 
610 2 0 |a stratégia podniková 
610 2 0 |a zodpovednosť spoločenská 
610 2 0 |a kultúra podniková 
610 2 0 |a zodpovednosť vzájomná 
610 2 0 |a etika podniková 
100 1 |a Hollender, Jeffrey 
700 1 |a Breen, Bill